Önköltségszámítási rendszer kialakítása és működtetése a Centrál Színház Színházművészeti Nonprofit Kft. példáján keresztül

Bibliográfiai részletek
Szerző: Zigó Viktor
További közreműködők: Szekeres Dr. Bernadett
Dokumentumtípus: Diplomadolgozat
Kulcsszavak:Önköltség
Önköltségszámítás
Vezetői számvitel
Online Access:http://dolgozattar.uni-bge.hu/14486

MARC

LEADER 00000nta a2200000 i 4500
001 dolg14486
005 20171218115648.0
008 171218suuuu hu om 000 hun d
040 |a BGE Dolgozattár Repozitórium  |b hun 
041 |a hu 
100 1 |a Zigó Viktor 
245 1 0 |a Önköltségszámítási rendszer kialakítása és működtetése a Centrál Színház Színházművészeti Nonprofit Kft. példáján keresztül  |c Zigó Viktor  |h [elektronikus dokumentum] 
695 |a Önköltség 
695 |a Önköltségszámítás 
695 |a Vezetői számvitel 
700 1 |a Szekeres Dr. Bernadett  |e ths 
856 4 0 |u http://dolgozattar.uni-bge.hu/14486/1/Zigo_Viktor.pdf  |z Dokumentum-elérés 
856 4 0 |u http://dolgozattar.uni-bge.hu/14486/2/Zigo_Viktor_titkositas.pdf  |z Dokumentum-elérés